000 00855cam a2200277 i 4500
001 49735
003 Mx-PuUPA
005 20240611143322.0
008 140415s2006 mx gr 000 0 spa d
020 _a9700764370
040 _aMx-PuUPA
_bspa
_cMx-PuUPA
_dMx-PuUPA
_erda
041 0 _aspa
100 1 _aGalindo Camacho, Miguel,
_96748
_eautor
245 1 0 _aTeoría del Estado /
_cMiguel Galindo Camacho
250 _a6a edición
264 1 _aMéxico, D.F. :
_bEditorial Porrúa,
_c©2006
300 _axxvii, 398 páginas ;
_c24 cm
336 _2rdacontent
_atexto
_btxt
337 _2rdamedia
_asin medio
_bn
338 _2rdacarrier
_avolumen
_bnc
650 7 _aCiencias políticas
_xEstado
_2armarc
650 7 _aPolítica
_xTeoría
_2armarc
942 _2ddc
_cLI
_h320.1
_iG146
999 _c49735
_d49735